Právní praxe v podnikání Měsíčník Komory komerčních právníků České republiky

Salvato in:
Dettagli Bibliografici
Natura: Periodico
Lingua:ceco
Pubblicazione: Praha Komora komerčních právníků ČR 1993
Tags: Aggiungi Tag
Nessun Tag, puoi essere il primo ad aggiungerne!!

MARC

LEADER 00000nas2a2200000 4500
001 s013967
005 20250724082434.3
022 |a 1210-4043 
041 0 |a cze 
044 |a CZ 
245 1 0 |a Právní praxe v podnikání  |b Měsíčník Komory komerčních právníků České republiky 
264 1 |a Praha  |b Komora komerčních právníků ČR  |c 1993 
300 |a 2 zv.